00426nam a2200169Ia 4500003000400000005001700004008004100021020001500062050002200077100002300099245004500122260003500167300003300202440000600235521000700241526000800248OSt20140312135253.0140130s9999 xx 000 0 und d a0516246011 aQL 785b.N53 2003 aNichols, Catherine cCatherine Nichols.aAnimal masterminds / bScholastic,c2003.aNew York : a48 p. :bcol. ill. ;c24 cm. v1 aG3 c550